ბათუმის შოთა რუსთაველის სახელმწიფო უნივერსიტეტის ბიბლიოთეკა

მემცენარეობის და მეცხოველეობის პროდუქტების წარმოების ტექნოლოგიური პროცესების ეკონომიკური შეფასება : (ბიბ.ჩანაწერი № 46224)

000 -ლიდერი
ფიქსირებული სიგრძის საკონტროლო ველი 02284nam a2200301Ia 4500
001 - საკონტროლო ნომერი
საკონტროლო ველი 13057
003 - საკონტროლო ნომრის იდენტიფიკატორი
საკონტროლო ველი GE_BSU
005 - ბოლო ოპერაციის თარიღი და დრო
საკონტროლო ველი 20240823132641.0
008 - ფიქსირებული სიგრძის მონაცემთა ელემენტები - ზოგადი ინფორმაცია
ფიქსირებული სიგრძის საკონტროლო ველი 181216s||||||||xx |||||||||||||| ||und||
020 ## - წიგნის საერთაშორისო სტანდარტული ნომერი
International Standard Book Number 9789941070501
040 ## - კატალოგიზაციის წყარო
Transcribing agency GE_BSU
041 ## - ენის კოდი
Language code of text/sound track or separate title geo
080 ## - უნივერსალური ათობითი კლასიფიკაციის ინდექსი
Universal Decimal Classification number 338.43:633/635+338.43:636 მ-30
100 ## - მთავარი ჩანაწერი - პიროვნების სახელი
Personal name მარგალიტაძე, რომან
9 (RLIN) 23109
245 ## - ცნობა სათაურის შესახებ
Title მემცენარეობის და მეცხოველეობის პროდუქტების წარმოების ტექნოლოგიური პროცესების ეკონომიკური შეფასება :
Remainder of title [სახელმძღვ.] /
Statement of responsibility, etc რომან მარგალიტაძე, ვახტანგ გოლიაძე ; რედ. რეზო ჯაბნიძე ; The European Union, ENPARD, UNDP, [ა(ა)იპ აგროსერვის ცენტრი].
264 ## - წარმოების, გამოცემის, დისტრიბუციის და სხვა ცნობები
გამოცემის, წარმოების, დისტრიბუციის... ადგილი ბათუმი :
გამოცემის, წარმოების, დისტრიბუციის... სახელწოდება (ი/მ ნინო სულხანიშვილი),
გამოცემის, წარმოების, დისტრიბუციის... თარიღი 2014.
300 ## - ფიზიკური აღწერა
Extent 262 გვ. :
Other physical details ცხრ. ;
Dimensions 29 სმ.
500 ## - ზოგადი შენიშვნა
General note შედგენილია გაეროს განვითარების პროგრამის (UNDP) ხელშეწყობითა და დაფინანსებით ("ENPARD აჭარა - სოფლის მეურნეობის განვითარების მხარდაჭერა აჭარის ავტონომიურ რესპუბლიკაში")
500 ## - ზოგადი შენიშვნა
General note გარეკანზე და თავფურ. ავტ. აღნიშნულნი არ არიან
504 ## - BIBLIOGRAPHY, ETC. NOTE
Bibliography, etc ბიბლიოგრ. : გვ. 59
653 ## - INDEX TERM--UNCONTROLLED
Uncontrolled term მემცენარეობის პროდუქტების წარმოება
653 ## - INDEX TERM--UNCONTROLLED
Uncontrolled term მეცხოველეობის პროდუქტების წარმოება
700 ## - ADDED ENTRY--PERSONAL NAME
Personal name გოლიაძე, ვ. (ვახტანგ)
Relator term ავტორი
9 (RLIN) 23110
700 ## - ADDED ENTRY--PERSONAL NAME
Personal name ჯაბნიძე, რ. (რეზო),
Relator term რედაქტორი
9 (RLIN) 23111
710 ## - ADDED ENTRY--CORPORATE NAME
Corporate name or jurisdiction name as entry element The European Union, ENPARD, UNDP
9 (RLIN) 23112
942 ## - ADDED ENTRY ELEMENTS (KOHA)
Koha item type წიგნი
Source of classification or shelving scheme
ეგზემპლარები
ჩამოწერის სტატუსი დაკარგული ეგზემპლარის სტატუსი კლასიფიკაციის წყარო ან თაროზე გაწყობის სქემა დაზიანების სტატუსი არ გაიცემა მუდმივი მდებარეობა (დაცვის ადგილი) ამჟამინდელი ადგილსამყოფელი თაროზე განთავსების ადგილი შეძენის თარიღი ღირებულება, შესყიდვის ნორმალური ფასი სრული შენახვის შიფრი შტრიხკოდი ბოლო ოპერაციის თარიღი ეგზემპლარის მიმდევრობითი ნომერი (კეტერი?) ფასის ძალაში შესვლის თარიღი ეგზემპლარის სახეობა საჯარო შენიშვნა
          აგრარული და მემბრანული ტექნოლოგიების ინსტიტუტის ბიბლიოთეკა აგრარული და მემბრანული ტექნოლოგიების ინსტიტუტის ბიბლიოთეკა წიგნსაცავი 2018-12-17 5.67 338.43:633/635+338.43:636 მ-30 27198 2018-12-17 27198 2018-12-17 წიგნი 5.67₾.
          აგრარული და მემბრანული ტექნოლოგიების ინსტიტუტის ბიბლიოთეკა აგრარული და მემბრანული ტექნოლოგიების ინსტიტუტის ბიბლიოთეკა წიგნსაცავი 2018-12-17 5.67 338.43:633/635+338.43:636 მ-30 27199 2018-12-17 27199 2018-12-17 წიგნი 5.67₾.
          აგრარული და მემბრანული ტექნოლოგიების ინსტიტუტის ბიბლიოთეკა აგრარული და მემბრანული ტექნოლოგიების ინსტიტუტის ბიბლიოთეკა წიგნსაცავი 2018-12-17 5.67 338.43:633/635+338.43:636 მ-30 27200 2018-12-17 27200 2018-12-17 წიგნი 5.67₾.
          აგრარული და მემბრანული ტექნოლოგიების ინსტიტუტის ბიბლიოთეკა აგრარული და მემბრანული ტექნოლოგიების ინსტიტუტის ბიბლიოთეკა წიგნსაცავი 2018-12-17 5.67 338.43:633/635+338.43:636 მ-30 27201 2018-12-17 27201 2018-12-17 წიგნი 5.67₾.
          აგრარული და მემბრანული ტექნოლოგიების ინსტიტუტის ბიბლიოთეკა აგრარული და მემბრანული ტექნოლოგიების ინსტიტუტის ბიბლიოთეკა წიგნსაცავი 2018-12-17 5.67 338.43:633/635+338.43:636 მ-30 27202 2018-12-17 27202 2018-12-17 წიგნი 5.67₾.
          აგრარული და მემბრანული ტექნოლოგიების ინსტიტუტის ბიბლიოთეკა აგრარული და მემბრანული ტექნოლოგიების ინსტიტუტის ბიბლიოთეკა წიგნსაცავი 2018-12-17 5.67 338.43:633/635+338.43:636 მ-30 27203 2018-12-17 27203 2018-12-17 წიგნი 5.67₾.
          აგრარული და მემბრანული ტექნოლოგიების ინსტიტუტის ბიბლიოთეკა აგრარული და მემბრანული ტექნოლოგიების ინსტიტუტის ბიბლიოთეკა წიგნსაცავი 2018-12-17 5.67 338.43:633/635+338.43:636 მ-30 27204 2018-12-17 27204 2018-12-17 წიგნი 5.67₾.
          აგრარული და მემბრანული ტექნოლოგიების ინსტიტუტის ბიბლიოთეკა აგრარული და მემბრანული ტექნოლოგიების ინსტიტუტის ბიბლიოთეკა წიგნსაცავი 2018-12-17 5.67 338.43:633/635+338.43:636 მ-30 27205 2018-12-17 27205 2018-12-17 წიგნი 5.67₾.
          აგრარული და მემბრანული ტექნოლოგიების ინსტიტუტის ბიბლიოთეკა აგრარული და მემბრანული ტექნოლოგიების ინსტიტუტის ბიბლიოთეკა წიგნსაცავი 2018-12-17 5.67 338.43:633/635+338.43:636 მ-30 27206 2018-12-17 27206 2018-12-17 წიგნი 5.67₾.
          აგრარული და მემბრანული ტექნოლოგიების ინსტიტუტის ბიბლიოთეკა აგრარული და მემბრანული ტექნოლოგიების ინსტიტუტის ბიბლიოთეკა წიგნსაცავი 2018-12-17 5.67 338.43:633/635+338.43:636 მ-30 27208 2018-12-17 27208 2018-12-17 წიგნი 5.67₾.
          აგრარული და მემბრანული ტექნოლოგიების ინსტიტუტის ბიბლიოთეკა აგრარული და მემბრანული ტექნოლოგიების ინსტიტუტის ბიბლიოთეკა წიგნსაცავი 2018-12-17 5.67 338.43:633/635+338.43:636 მ-30 27209 2018-12-17 27209 2018-12-17 წიგნი 5.67₾.
          ბათუმის შოთა რუსთაველის სახელმწიფო უნივერსიტეტის მთავარი ბიბლიოთეკა ბათუმის შოთა რუსთაველის სახელმწიფო უნივერსიტეტის მთავარი ბიბლიოთეკა წიგნსაცავი 2018-12-17 5.67 338.43:633/635+338.43:636 მ-30 27207 2018-12-17 27207 2018-12-17 წიგნი 5.67₾.